[Event "Foment Martinenc op-C 17th"]
[Site "Barcelona"]
[Date "2015.06.06"]
[Round "7"]
[White "Amirkhyan, Ruben"]
[Black "Santacruz Garcia, Francisco"]
[Result "0-1"]
[WhiteElo "1769"]
[BlackElo "1736"]
[PlyCount "82"]
[EventDate "2015.04.25"]
[EventType "swiss"]
[EventRounds "9"]
[EventCountry "ESP"]
[SourceTitle "EXT 2017"]
[Source "ChessBase"]
[SourceDate "2016.10.25"]
[SourceVersion "1"]
[SourceVersionDate "2016.10.25"]
[SourceQuality "1"]

1. e4 c5 2. Nf3 d6 3. Bc4 Nf6 4. Nc3 g6 5. d3 Bg7 6. 0-0 0-0 7. Bg5 Nc6 8. Nd5 Bg4 9. h3 Be6 10. Nxf6+ exf6 11. Bd2 Qd7 12. Bxe6 fxe6 13. Qe2 Rae8 14. Qe3 a6 15. Rae1 Re7 16. c3 Rfe8 17. d4 cxd4 18. cxd4 Qc7 19. Rc1 Qb6 20. Bc3 Qa5 21. Bxa5 Nxa5 22. b4 Nc6 23. a3 h5 24. Nh4 Kh7 25. Qg3 g5 26. Nf3 Bh6 27. Rcd1 Rd8 28. Nh2 Rg7 29. Qf3 Kg6 30. e5 f5 31. d5 Nxe5 32. Qg3 f4 33. Qc3 Kf6 34. Nf3 Kf5 35. Nxe5 dxe5 36. Qd3+ Kf6 37. Qe2 g4 38. h4 f3 39. g3 fxe2 40. Rde1 exf1Q+ 41. Rxf1 exd5 0-1

[Event "Foment Martinenc op-C 16th"]
[Site "Barcelona"]
[Date "2014.06.07"]
[Round "7"]
[White "Santacruz Garcia, Francisco"]
[Black "Bes Alvarez, Alex"]
[Result "1-0"]
[WhiteElo "1770"]
[BlackElo "1700"]
[PlyCount "93"]
[EventDate "2014.04.26"]
[EventType "swiss"]
[EventRounds "9"]
[EventCountry "ESP"]
[SourceTitle "EXT 2015"]
[Source "ChessBase"]
[SourceDate "2014.11.20"]
[SourceVersion "1"]
[SourceVersionDate "2014.11.20"]
[SourceQuality "1"]

1. e4 c5 2. f4 d6 3. Nf3 Nc6 4. Bc4 g6 5. 0-0 Bg7 6. c3 Nh6 7. d4 cxd4 8. cxd4 e5 9. Nc3 0-0 10. Be3 Ng4 11. Bc1 Be6 12. d5 b5 13. Bxb5 Nd4 14. dxe6 Nxb5 15. exf7+ Rxf7 16. Nxb5 Qb6+ 17. Kh1 Qxb5 18. Ng5 Re7 19. Qf3 Rf8 20. f5 d5 21. Be3 Nxe3 22. Qxe3 h6 23. Nf3 dxe4 24. Qxe4 Rxf5 25. Rad1 Rf4 26. Qxg6 e4 27. Rd8+ Rf8 28. Rxf8+ Kxf8 29. Nd2+ Kg8 30. Re1 e3 31. Nf3 Qxb2 32. Rb1 Qxb1+ 33. Qxb1 e2 34. Ne1 Rd7 35. Qb3+ Kh8 36. Qe3 Bf8 37. Qxe2 Re7 38. Qf2 Bg7 39. Nf3 Rf7 40. Qh4 Rd7 41. h3 Rd1+ 42. Kh2 Kh7 43. Qh5 Ra1 44. Ng5+ Kg8 45. Qe8+ Bf8 46. Qf7+ Kh8 47. Qh7# 1-0

[Event "Foment Martinenc op-C 16th"]
[Site "Barcelona"]
[Date "2014.05.10"]
[Round "3"]
[White "Santacruz Garcia, Francisco"]
[Black "Archs Garriga, Ignasi"]
[Result "0-1"]
[WhiteElo "1770"]
[BlackElo "1824"]
[PlyCount "68"]
[EventDate "2014.04.26"]
[EventType "swiss"]
[EventRounds "9"]
[EventCountry "ESP"]
[SourceTitle "EXT 2015"]
[Source "ChessBase"]
[SourceDate "2014.11.20"]
[SourceVersion "1"]
[SourceVersionDate "2014.11.20"]
[SourceQuality "1"]

1. e4 Nf6 2. Nc3 d5 3. e5 d4 4. exf6 dxc3 5. fxe7 cxd2+ 6. Bxd2 Bxe7 7. Bd3 Nd7 8. Nf3 Nf6 9. 0-0 0-0 10. Bc3 Bg4 11. h3 Bh5 12. Qe2 Re8 13. Qe5 Bd6 14. Qg5 h6 15. Qh4 Bxf3 16. gxf3 Nd5 17. Qg4 Nxc3 18. bxc3 Qf6 19. c4 Qe5 20. Qg2 Qf4 21. Be4 Re5 22. h4 Qxh4 23. f4 Qxf4 24. Qh3 Rg5+ 25. Kh1 Qxe4+ 26. f3 Qf5 27. Qxf5 Rxf5 28. Rae1 Kf8 29. Kg2 Rg5+ 30. Kh3 Re8 31. Rd1 Rg3+ 32. Kh4 g5+ 33. Kh5 Rh3+ 34. Kg4 Rh4+ 0-1